Como redactar y presentar tus trabajo./ (Registro nro. 8779)
[ vista simple ]
| 000 -LEADER | |
|---|---|
| fixed length control field | 01071nam a2200193Ia 4500 |
| 005 - FECHA Y HORA DE LA ÚLTIMA TRANSACCIÓN | |
| control field | 20241213093041.0 |
| 008 - FIXED-LENGTH DATA ELEMENTS--GENERAL INFORMATION | |
| fixed length control field | 230725s9999 xx 000 0 und d |
| 020 ## - INTERNATIONAL STANDARD BOOK NUMBER | |
| International Standard Book Number | 84-241-2581-9 |
| 040 ## - CATALOGING SOURCE | |
| Original cataloging agency | UPAN |
| Transcribing agency | Biblioteca San Vicente |
| Description conventions | RCAA2 |
| 041 ## - LANGUAGE CODE | |
| Language code of text/sound track or separate title | spa |
| 082 ## - DEWEY DECIMAL CLASSIFICATION NUMBER | |
| Classification number | 371.302 81 |
| Item number | F79c |
| año de publicación | 1999 |
| 100 ## - MAIN ENTRY--PERSONAL NAME | |
| Personal name | Fry, Ron |
| Relator code | aut. |
| 245 #0 - TITLE STATEMENT | |
| Title | Como redactar y presentar tus trabajo./ |
| Statement of responsibility, etc | Ron Fry |
| 260 ## - PUBLICATION, DISTRIBUTION, ETC. (IMPRINT) | |
| Place of publication, distribution, etc | Epaña: |
| Name of publisher, distributor, etc | Everest, |
| Date of publication, distribution, etc | 1999 |
| 300 ## - PHYSICAL DESCRIPTION | |
| Extent | 155 p.; |
| Dimensions | 19 cm. |
| 505 ## - FORMATTED CONTENTS NOTE | |
| Formatted contents note | Capítulo 1. ¡En marcha!. <br/>Capítulo 2. Desarrolla un plan de ataque. <br/>Capítulo 3. Investiga: a la caza de materiales. <br/>Capítulo 4. Elabora una bibliografía de trabajo. <br/>Capítulo 5. Entrar en detalles. <br/>Capítulo 6. Organiza el material encontrado. <br/>Capítulo 7. Redacta un borrador preliminar. <br/>Capítulo 8. Referencias bibliográficas. <br/>Capítulo 9. Revisa tu obra maestra. <br/>Capítulo 10. Elabora tu lista de referencias. <br/>Capítulo 11. Dale los últimos toques. <br/>Capítulo 12. Exámenes y discursos. <br/>Capítulo 13. Escribir con TDA. |
| 650 ## - SUBJECT ADDED ENTRY--TOPICAL TERM | |
| Source of heading or term | LEMB |
| General subdivision | Redacción |
| 942 ## - ADDED ENTRY ELEMENTS (KOHA) | |
| Koha item type | Libros |
| Source of classification or shelving scheme | Dewey Decimal Classification |
| Withdrawn status | Lost status | Source of classification or shelving scheme | Damaged status | Not for loan | Collection code | Home library | Current library | Date acquired | Total Checkouts | Full call number | Barcode | Date last seen | Price effective from | Koha item type |
|---|---|---|---|---|---|---|---|---|---|---|---|---|---|---|
| Dewey Decimal Classification | Colección General | Biblioteca UPAN San Vicente | Biblioteca UPAN San Vicente | 25/07/2023 | 371.302 81 F79c | 12001344 | 25/07/2023 | 25/07/2023 | Libros |